[Event "Tournoi International du Pays de Charleroi 2018"]
[Site "Roux, Belgium"]
[Date "2018.08.03"]
[Round "8.2"]
[White "Inkiov, Ventzislav"]
[Black "Miezis, Normunds"]
[Result "0-1"]
[WhiteTitle "GM"]
[BlackTitle "GM"]
[WhiteElo "2432"]
[BlackElo "2463"]

1. e4 {[%clk 01:30:44]} {[%emt 00:00:14]} c5 {[%clk 01:30:09]} {[%emt
00:00:51]} 2. Nf3 {[%clk 01:31:06]} {[%emt 00:00:08]} e6 {[%clk 01:30:28]}
{[%emt 00:00:10]} 3. d4 {[%clk 01:31:29]} {[%emt 00:00:08]} cxd4 {[%clk
01:30:51]} {[%emt 00:00:08]} 4. Nxd4 {[%clk 01:31:55]} {[%emt 00:00:04]} a6
{[%clk 01:30:49]} {[%emt 00:00:32]} 5. Nc3 {[%clk 01:32:18]} {[%emt 00:00:06]}
Qc7 {[%clk 01:29:57]} {[%emt 00:01:23]} 6. g3 {[%clk 01:32:35]} {[%emt
00:00:12]} Bb4 {[%clk 01:27:18]} {[%emt 00:03:09]} 7. Nde2 {[%clk 01:32:34]}
{[%emt 00:00:32]} Nc6 {[%clk 01:23:10]} {[%emt 00:04:39]} 8. Bg2 {[%clk
01:32:56]} {[%emt 00:00:07]} Bc5 {[%clk 01:23:13]} {[%emt 00:00:27]} 9. O-O
{[%clk 01:32:48]} {[%emt 00:00:38]} d6 {[%clk 01:18:46]} {[%emt 00:04:57]} 10.
Nf4 {[%clk 01:25:11]} {[%emt 00:08:07]} Nf6 {[%clk 01:15:58]} {[%emt 00:03:17]}
11. Nd3 {[%clk 01:25:30]} {[%emt 00:00:11]} Ba7 {[%clk 01:13:25]} {[%emt
00:03:03]} 12. h3 {[%clk 01:22:08]} {[%emt 00:03:51]} b5 {[%clk 01:09:33]}
{[%emt 00:04:23]} 13. Bf4 {[%clk 01:14:57]} {[%emt 00:14:21]} Ne5 {[%clk
01:06:37]} 14. a4 {[%clk 01:13:35]} bxa4 {[%clk 01:04:22]} {[%emt 00:01:24]} 15.
Rxa4 {[%clk 01:13:37]} {[%emt 00:00:28]} Rb8 {[%clk 01:04:24]} {[%emt
00:00:27]} 16. Qe2 {[%clk 01:10:23]} {[%emt 00:03:44]} O-O {[%clk 01:02:00]}
{[%emt 00:02:54]} 17. Rfa1 {[%clk 01:07:09]} {[%emt 00:03:46]} Nfd7 {[%clk
01:01:59]} {[%emt 00:00:30]} 18. Nb4 {[%clk 01:04:09]} {[%emt 00:03:29]} Nc5
{[%clk 01:01:37]} {[%emt 00:00:52]} 19. Bxe5 {[%clk 00:54:09]} {[%emt
00:10:30]} dxe5 {[%clk 00:56:28]} {[%emt 00:05:40]} 20. Qc4 {[%clk 00:51:29]}
{[%emt 00:03:10]} Qb6 {[%clk 00:55:53]} {[%emt 00:01:04]} 21. Nd3 {[%clk
00:51:55]} {[%emt 00:00:05]} Nxa4 {[%clk 00:53:05]} {[%emt 00:03:18]} 22. Nxa4
{[%clk 00:50:41]} {[%emt 00:01:44]} Qd6 {[%clk 00:43:49]} {[%emt 00:09:45]} 23.
b4 {[%clk 00:46:25]} {[%emt 00:04:46]} Bd7 {[%clk 00:40:30]} {[%emt 00:03:49]}
24. Nac5 {[%clk 00:46:29]} {[%emt 00:00:27]} Bb5 {[%clk 00:39:34]} {[%emt
00:01:26]} 25. Qb3 {[%clk 00:46:23]} {[%emt 00:00:36]} Bxd3 {[%clk 00:39:10]}
{[%emt 00:00:53]} 26. Nxd3 {[%clk 00:46:48]} {[%emt 00:00:05]} Rfc8 {[%clk
00:38:18]} {[%emt 00:01:22]} 27. c4 {[%clk 00:44:40]} {[%emt 00:02:39]} Qd4
{[%clk 00:36:06]} {[%emt 00:02:41]} 28. Rc1 {[%clk 00:40:45]} {[%emt 00:04:25]}
g6 {[%clk 00:31:47]} {[%emt 00:04:49]} 29. Kh2 {[%clk 00:37:49]} {[%emt
00:03:26]} Kg7 {[%clk 00:31:13]} {[%emt 00:01:03]} 30. c5 {[%clk 00:37:04]}
{[%emt 00:01:16]} Rd8 {[%clk 00:25:12]} {[%emt 00:06:31]} 31. Bf1 {[%clk
00:37:21]} {[%emt 00:00:13]} Qxe4 {[%clk 00:24:49]} {[%emt 00:00:53]} 32. Qa3
{[%clk 00:33:06]} {[%emt 00:04:45]} Qd4 {[%clk 00:23:38]} {[%emt 00:01:42]} 33.
Qxa6 {[%clk 00:32:49]} {[%emt 00:00:47]} e4 {[%clk 00:23:00]} {[%emt 00:01:07]}
34. Rc4 {[%clk 00:33:00]} {[%emt 00:00:19]} Qd5 {[%clk 00:12:57]} {[%emt
00:10:30]} 35. Nf4 {[%clk 00:33:13]} {[%emt 00:00:20]} Qb7 {[%clk 00:10:58]}
{[%emt 00:02:29]} 36. Qxb7 {[%clk 00:33:35]} {[%emt 00:00:08]} Rxb7 {[%clk
00:11:15]} {[%emt 00:00:13]} 37. Rxe4 {[%clk 00:34:03]} {[%emt 00:00:02]} Rd2
{[%clk 00:09:56]} {[%emt 00:01:50]} 38. Nd3 {[%clk 00:29:22]} {[%emt 00:05:10]}
Rc2 {[%clk 00:08:12]} {[%emt 00:02:13]} 39. Kg2 {[%clk 00:28:20]} {[%emt
00:01:33]} Bb8 {[%clk 00:08:00]} {[%emt 00:00:42]} 40. b5 {[%clk 00:19:00]}
{[%emt 00:09:51]} Rxb5 {[%clk 00:07:47]} {[%emt 00:00:42]} 41. Nb4 {[%clk
00:19:26]} {[%emt 00:00:04]} Rcxc5 {[%clk 00:06:38]} {[%emt 00:01:39]} 42. Na6
{[%clk 00:19:21]} {[%emt 00:00:35]} Ba7 {[%clk 00:05:05]} {[%emt 00:02:03]} 43.
Nxc5 {[%clk 00:19:45]} {[%emt 00:00:06]} Rxc5 {[%clk 00:05:30]} {[%emt
00:00:06]} 44. Ra4 {[%clk 00:19:43]} {[%emt 00:00:31]} Rc7 {[%clk 00:05:33]}
{[%emt 00:00:26]} 45. g4 {[%clk 00:18:27]} {[%emt 00:01:47]} h6 {[%clk
00:03:58]} {[%emt 00:02:05]} 46. Bd3 {[%clk 00:18:10]} {[%emt 00:00:46]} Bb6
{[%clk 00:03:27]} {[%emt 00:01:02]} 47. Be4 {[%clk 00:17:30]} {[%emt 00:01:09]}
Rd7 {[%clk 00:03:06]} {[%emt 00:00:51]} 48. Rb4 {[%clk 00:16:33]} {[%emt
00:01:29]} Rd6 {[%clk 00:03:27]} {[%emt 00:00:08]} 49. Rb2 {[%clk 00:16:38]}
{[%emt 00:00:25]} f5 {[%clk 00:03:42]} {[%emt 00:00:15]} 50. gxf5 {[%clk
00:16:20]} {[%emt 00:00:49]} gxf5 {[%clk 00:04:01]} {[%emt 00:00:10]} 51. Bb7
{[%clk 00:14:17]} {[%emt 00:02:33]} Kf6 {[%clk 00:02:05]} {[%emt 00:02:26]} 52.
Rc2 {[%clk 00:13:38]} {[%emt 00:01:08]} Ba7 {[%clk 00:02:18]} {[%emt 00:00:17]}
53. Ra2 {[%clk 00:13:49]} {[%emt 00:00:21]} Bd4 {[%clk 00:02:28]} {[%emt
00:00:17]} 54. Ra6 {[%clk 00:13:13]} {[%emt 00:01:08]} Bb6 {[%clk 00:02:49]}
{[%emt 00:00:09]} 55. Ra2 {[%clk 00:12:05]} {[%emt 00:01:38]} Rd4 {[%clk
00:28:57]} {[%emt 00:04:21]} 56. Rc2 {[%clk 00:39:07]} {[%emt 00:03:29]} Ba7
{[%clk 00:27:08]} {[%emt 00:02:18]} 57. Bc8 {[%clk 00:37:15]} {[%emt 00:02:22]}
Bb8 {[%clk 00:27:03]} {[%emt 00:00:36]} 58. Bb7 {[%clk 00:32:20]} {[%emt
00:05:26]} Bd6 {[%clk 00:27:13]} {[%emt 00:00:19]} 59. Ra2 {[%clk 00:27:53]}
{[%emt 00:04:57]} Rb4 {[%clk 00:25:51]} {[%emt 00:01:52]} 60. Ra6 {[%clk
00:25:36]} {[%emt 00:02:48]} Bc7 {[%clk 00:20:42]} {[%emt 00:05:37]} 61. Bc8
{[%clk 00:25:11]} {[%emt 00:00:56]} Bb6 {[%emt 00:00:35]} 62. Ra2 {[%clk
00:25:34]} e5 {[%clk 00:20:54]} {[%emt 00:00:20]} 63. Rc2 {[%clk 00:25:19]}
{[%emt 00:00:45]} Kg5 {[%clk 00:20:58]} {[%emt 00:00:26]} 64. Be6 {[%clk
00:22:50]} {[%emt 00:02:59]} h5 {[%clk 00:20:23]} {[%emt 00:01:05]} 65. Bc4
{[%clk 00:19:45]} {[%emt 00:03:34]} h4 {[%clk 00:19:23]} {[%emt 00:01:30]} 66.
Be2 {[%clk 00:17:16]} {[%emt 00:02:59]} Bd4 {[%clk 00:19:27]} {[%emt 00:00:27]}
67. Ra2 {[%clk 00:17:08]} {[%emt 00:00:38]} Kf4 {[%clk 00:19:34]} {[%emt
00:00:22]} 68. Rd2 {[%clk 00:17:00]} {[%emt 00:00:38]} e4 {[%clk 00:19:08]}
{[%emt 00:00:56]} 69. Rc2 {[%clk 00:17:25]} {[%emt 00:00:06]} Rb1 {[%clk
00:18:54]} {[%emt 00:00:43]} 70. Ra2 {[%clk 00:17:16]} {[%emt 00:00:41]} Bb6
{[%clk 00:17:22]} {[%emt 00:01:58]} 71. Rc2 {[%clk 00:15:44]} {[%emt 00:02:05]}
Ke5 {[%clk 00:17:17]} {[%emt 00:00:34]} 72. Ra2 {[%clk 00:15:46]} {[%emt
00:00:30]} f4 {[%clk 00:16:34]} {[%emt 00:01:12]} 73. Rc2 {[%clk 00:15:41]}
{[%emt 00:00:35]} Rb3 {[%clk 00:16:34]} {[%emt 00:00:29]} 74. f3 {[%clk
00:16:00]} {[%emt 00:00:12]} Rb1 {[%clk 00:13:59]} {[%emt 00:03:04]} 75. fxe4
{[%clk 00:12:56]} {[%emt 00:03:35]} Rg1+ {[%clk 00:13:55]} {[%emt 00:00:33]} 76.
Kh2 {[%clk 00:13:24]} {[%emt 00:00:03]} Rg3 {[%clk 00:14:07]} {[%emt 00:00:17]}
77. Rc6 {[%clk 00:13:00]} {[%emt 00:00:55]} Bg1 {[%clk 00:13:46]} {[%emt
00:00:51]} 78. Kh1 {[%clk 00:13:26]} {[%emt 00:00:05]} Bd4 {[%clk 00:13:08]}
{[%emt 00:01:07]} 79. Bg4 {[%clk 00:13:15]} {[%emt 00:00:41]} f3 {[%clk
00:13:10]} {[%emt 00:00:28]} 80. Kh2 {[%clk 00:09:37]} {[%emt 00:04:08]} f2
{[%clk 00:12:27]} {[%emt 00:01:12]} 81. Be2 {[%clk 00:10:04]} {[%emt 00:00:04]}
Rg1 {[%clk 00:11:45]} {[%emt 00:01:11]} 82. Rh6 {[%clk 00:09:43]} {[%emt
00:00:52]} Be3 {[%clk 00:11:25]} {[%emt 00:00:49]} 0-1

[Event "Tournoi International du Pays de Charleroi 2018"]
[Site "Roux, Belgium"]
[Date "2018.08.03"]
[Round "8.9"]
[White "Werner, Ivan"]
[Black "Okhotnik, Vladimir"]
[Result "0-1"]
[BlackTitle "GM"]
[WhiteElo "2110"]
[BlackElo "2384"]

1. e4 {[%clk 01:30:59]} {[%emt 00:00:01]} g6 {[%clk 01:30:54]} {[%emt
00:00:06]} 2. d4 {[%clk 01:31:22]} {[%emt 00:00:07]} c6 {[%clk 01:31:07]}
{[%emt 00:00:17]} 3. Be3 {[%clk 01:26:45]} {[%emt 00:05:07]} Bg7 {[%clk
01:31:06]} {[%emt 00:00:30]} 4. Qd2 {[%clk 01:26:54]} {[%emt 00:00:21]} d6
{[%clk 01:31:17]} {[%emt 00:00:19]} 5. Nc3 {[%clk 01:26:21]} {[%emt 00:01:04]}
Qa5 {[%clk 01:31:30]} {[%emt 00:00:17]} 6. Nge2 {[%clk 01:25:10]} {[%emt
00:01:40]} Nd7 {[%clk 01:31:37]} {[%emt 00:00:23]} 7. a3 {[%clk 01:13:58]}
{[%emt 00:11:43]} Ngf6 {[%clk 01:30:17]} {[%emt 00:01:50]} 8. f3 {[%clk
01:13:38]} {[%emt 00:00:51]} O-O {[%clk 01:30:18]} {[%emt 00:00:29]} 9. g4
{[%clk 01:11:25]} {[%emt 00:02:43]} e5 {[%clk 01:30:36]} {[%emt 00:00:12]} 10.
h4 {[%clk 01:09:05]} {[%emt 00:02:50]} exd4 {[%clk 01:30:38]} {[%emt 00:00:28]}
11. Nxd4 {[%clk 01:08:42]} {[%emt 00:00:52]} Ne5 {[%clk 01:30:45]} {[%emt
00:00:23]} 12. Be2 {[%clk 01:04:51]} {[%emt 00:04:21]} d5 {[%clk 01:29:57]}
{[%emt 00:01:18]} 13. Nb3 {[%clk 00:55:46]} {[%emt 00:14:29]} Qc7 {[%clk
01:29:21]} 14. g5 {[%clk 00:52:18]} {[%emt 00:00:56]} Nh5 {[%clk 01:26:46]}
{[%emt 00:02:19]} 15. exd5 {[%clk 00:51:59]} {[%emt 00:00:50]} Ng3 {[%clk
01:26:33]} {[%emt 00:00:43]} 16. d6 {[%clk 00:51:16]} {[%emt 00:01:13]} Qd8
{[%clk 01:26:57]} {[%emt 00:00:06]} 17. O-O-O {[%clk 00:29:28]} {[%emt
00:22:19]} Nxh1 {[%clk 01:26:12]} {[%emt 00:01:15]} 18. Rxh1 {[%clk 00:29:22]}
{[%emt 00:00:35]} Bf5 {[%clk 01:23:46]} {[%emt 00:02:55]} 19. Nc5 {[%clk
00:27:12]} {[%emt 00:02:41]} b6 {[%clk 01:22:40]} {[%emt 00:01:36]} 20. N5e4
{[%clk 00:27:28]} {[%emt 00:00:14]} Re8 {[%clk 01:21:03]} {[%emt 00:02:06]} 21.
h5 {[%clk 00:22:50]} {[%emt 00:05:09]} Qd7 {[%clk 01:18:49]} {[%emt 00:02:44]}
22. Ng3 {[%clk 00:16:12]} {[%emt 00:07:08]} Qe6 {[%clk 01:17:37]} {[%emt
00:01:42]} 23. Bf4 {[%clk 00:10:50]} {[%emt 00:05:52]} Rad8 {[%clk 01:17:28]}
{[%emt 00:00:38]} 24. Rd1 {[%clk 00:09:32]} {[%emt 00:01:50]} Rd7 {[%clk
01:16:04]} {[%emt 00:01:53]} 25. Kb1 {[%clk 00:07:32]} {[%emt 00:02:31]} gxh5
{[%clk 01:15:38]} {[%emt 00:00:56]} 26. Nxh5 {[%clk 00:05:49]} {[%emt
00:02:13]} Bh8 {[%clk 01:15:59]} {[%emt 00:00:08]} 27. Nf6+ {[%clk 00:04:02]}
{[%emt 00:02:18]} Bxf6 {[%clk 01:15:50]} {[%emt 00:00:39]} 28. gxf6 {[%clk
00:04:30]} {[%emt 00:00:02]} Qxf6 {[%clk 01:15:01]} {[%emt 00:01:19]} 29. Bg5
{[%clk 00:02:08]} {[%emt 00:02:52]} Qe6 {[%clk 01:15:05]} {[%emt 00:00:25]} 30.
Qf4 {[%clk 00:02:07]} {[%emt 00:00:32]} Ng6 {[%clk 01:15:19]} {[%emt 00:00:16]}
31. Qh2 {[%clk 00:02:22]} {[%emt 00:00:14]} f6 {[%clk 01:15:22]} {[%emt
00:00:27]} 32. Bh6 {[%clk 00:01:58]} {[%emt 00:00:55]} Red8 {[%clk 01:15:30]}
{[%emt 00:00:22]} 33. Bf4 {[%clk 00:00:52]} {[%emt 00:01:36]} b5 {[%clk
01:15:18]} {[%emt 00:00:42]} 34. Bg3 {[%clk 00:00:59]} {[%emt 00:00:23]} a5
{[%clk 01:15:12]} {[%emt 00:00:35]} 35. Qh5 {[%clk 00:00:45]} {[%emt 00:00:44]}
Ne5 {[%clk 01:14:40]} {[%emt 00:01:02]} 36. Rg1 {[%emt 00:00:46]} Bg6 {[%clk
01:14:49]} {[%emt 00:00:19]} 37. Bxe5 {[%clk 00:00:40]} {[%emt 00:00:21]} Qxe5
{[%clk 01:14:58]} {[%emt 00:00:21]} 38. f4 {[%clk 00:00:56]} {[%emt 00:00:15]}
Qxh5 {[%clk 01:15:19]} 39. Bxh5 {[%clk 00:01:23]} {[%emt 00:00:12]} Kf7 {[%clk
01:15:12]} {[%emt 00:00:36]} 40. Bxg6+ {[%clk 00:01:43]} {[%emt 00:00:10]} hxg6
{[%clk 01:15:38]} {[%emt 00:00:05]} 41. Ne4 {[%clk 00:02:05]} {[%emt 00:00:09]}
Re8 {[%clk 01:15:58]} {[%emt 00:00:10]} 0-1

[Event "Tournoi International du Pays de Charleroi 2018"]
[Site "Roux, Belgium"]
[Date "2018.08.03"]
[Round "8.16"]
[White "Gitu, Paula-Alexandra"]
[Black "Goormachtigh, Johan"]
[Result "1/2-1/2"]
[WhiteTitle "WFM"]
[WhiteElo "1990"]
[BlackElo "2148"]

1. e4 {[%clk 01:30:58]} c5 {[%clk 01:30:49]} {[%emt 00:00:12]} 2. Nc3 {[%clk
01:31:24]} {[%emt 00:00:04]} Nc6 {[%clk 01:31:05]} {[%emt 00:00:14]} 3. g3
{[%clk 01:31:45]} {[%emt 00:00:09]} g6 {[%clk 01:30:47]} {[%emt 00:00:47]} 4.
Bg2 {[%clk 01:31:55]} {[%emt 00:00:20]} Bg7 {[%clk 01:31:11]} {[%emt 00:00:07]}
5. d3 {[%clk 01:32:16]} {[%emt 00:00:09]} d6 {[%clk 01:30:27]} {[%emt
00:01:13]} 6. f4 {[%clk 01:32:07]} {[%emt 00:00:40]} e6 {[%clk 01:29:28]}
{[%emt 00:01:29]} 7. Nge2 {[%clk 01:21:27]} {[%emt 00:11:09]} Nge7 {[%clk
01:29:20]} {[%emt 00:00:38]} 8. O-O {[%clk 01:18:19]} {[%emt 00:03:39]} O-O
{[%clk 01:29:03]} {[%emt 00:00:47]} 9. Be3 {[%clk 01:12:10]} {[%emt 00:06:39]}
b6 {[%clk 01:18:54]} {[%emt 00:10:39]} 10. d4 {[%clk 01:05:20]} {[%emt
00:13:53]} Ba6 {[%clk 01:18:56]} 11. Rf2 {[%clk 01:02:12]} Rc8 {[%clk
01:13:19]} {[%emt 00:03:40]} 12. Rb1 {[%clk 00:40:16]} {[%emt 00:22:27]} d5
{[%clk 00:45:57]} {[%emt 00:27:50]} 13. f5 {[%clk 00:13:30]} {[%emt 00:27:16]}
cxd4 {[%clk 00:42:08]} {[%emt 00:04:19]} 14. Nxd4 {[%clk 00:09:52]} {[%emt
00:04:08]} Bxd4 {[%clk 00:42:23]} {[%emt 00:00:15]} 15. Bxd4 {[%clk 00:09:51]}
{[%emt 00:00:31]} Nxd4 {[%clk 00:42:51]} {[%emt 00:00:02]} 16. Qxd4 {[%clk
00:10:16]} {[%emt 00:00:06]} dxe4 {[%clk 00:42:59]} {[%emt 00:00:21]} 17. Qxd8
{[%clk 00:09:19]} {[%emt 00:01:28]} Rfxd8 {[%clk 00:43:17]} 18. fxe6 {[%clk
00:09:25]} {[%emt 00:00:36]} f5 {[%clk 00:43:22]} {[%emt 00:00:24]} 19. Bxe4
{[%clk 00:02:37]} {[%emt 00:07:19]} fxe4 {[%clk 00:34:59]} {[%emt 00:08:53]} 20.
Rf7 {[%clk 00:03:05]} {[%emt 00:00:02]} Nd5 {[%clk 00:31:15]} {[%emt 00:04:13]}
21. Nxe4 {[%clk 00:03:34]} {[%emt 00:00:02]} Rc7 {[%clk 00:31:35]} {[%emt
00:00:10]} 22. Nf6+ {[%clk 00:03:40]} {[%emt 00:00:24]} Nxf6 {[%clk 00:30:40]}
{[%emt 00:01:25]} 23. Rxc7 {[%clk 00:04:08]} {[%emt 00:00:01]} Re8 {[%clk
00:19:27]} {[%emt 00:11:43]} 24. Re1 {[%clk 00:03:31]} {[%emt 00:01:08]} Bc8
{[%clk 00:18:58]} {[%emt 00:00:59]} 25. e7 {[%clk 00:03:55]} {[%emt 00:00:06]}
Kf7 {[%clk 00:17:40]} {[%emt 00:01:48]} 26. Rxa7 {[%clk 00:03:27]} {[%emt
00:00:57]} Bf5 {[%clk 00:16:30]} {[%emt 00:01:40]} 27. c4 {[%clk 00:03:08]}
{[%emt 00:00:50]} Be4 {[%clk 00:15:57]} {[%emt 00:01:02]} 28. Ra6 {[%clk
00:00:56]} {[%emt 00:02:42]} Bd3 {[%clk 00:12:08]} {[%emt 00:04:19]} 29. b3
{[%clk 00:00:42]} {[%emt 00:00:45]} Rb8 {[%clk 00:10:54]} {[%emt 00:01:44]} 30.
Re3 {[%clk 00:00:57]} {[%emt 00:00:15]} Bf5 {[%clk 00:09:42]} {[%emt 00:01:41]}
31. Ra7 {[%clk 00:01:02]} {[%emt 00:00:25]} Ke8 {[%clk 00:09:14]} {[%emt
00:00:58]} 32. Rc7 {[%clk 00:00:39]} {[%emt 00:00:54]} h5 {[%clk 00:08:56]}
{[%emt 00:00:48]} 33. Rc6 {[%clk 00:00:42]} {[%emt 00:00:27]} Ne4 {[%clk
00:08:40]} {[%emt 00:00:46]} 34. Rc7 {[%clk 00:00:34]} {[%emt 00:00:38]} Nf6
{[%clk 00:08:46]} {[%emt 00:00:24]} 35. Re1 {[%clk 00:00:41]} {[%emt 00:00:23]}
Nd7 {[%clk 00:08:30]} {[%emt 00:00:45]} 36. Kg2 {[%clk 00:00:49]} {[%emt
00:00:23]} Nc5 {[%clk 00:08:33]} {[%emt 00:00:27]} 37. h3 {[%clk 00:00:46]}
{[%emt 00:00:32]} Ra8 {[%clk 00:08:01]} {[%emt 00:01:02]} 38. Re2 {[%clk
00:00:44]} {[%emt 00:00:32]} Ne6 {[%clk 00:07:40]} {[%emt 00:00:51]} 39. Rb7
{[%clk 00:00:35]} {[%emt 00:00:40]} Nd4 {[%clk 00:07:50]} {[%emt 00:00:20]} 40.
Re3 {[%clk 00:00:32]} {[%emt 00:00:33]} Rxa2+ {[%clk 00:07:32]} {[%emt
00:00:48]} 41. Kg1 {[%clk 00:29:34]} {[%emt 00:01:27]} Ra1+ {[%clk 00:32:48]}
{[%emt 00:05:15]} 42. Kg2 {[%clk 00:28:26]} {[%emt 00:01:37]} Ra2+ {[%clk
00:33:11]} {[%emt 00:00:07]} 43. Kg1 {[%clk 00:28:53]} {[%emt 00:00:03]} Ra1+
{[%clk 00:33:36]} {[%emt 00:00:06]} 44. Kg2 {[%clk 00:28:29]} {[%emt 00:00:53]}
1/2-1/2

[Event "Tournoi International du Pays de Charleroi 2018"]
[Site "Roux, Belgium"]
[Date "2018.08.03"]
[Round "8.18"]
[White "De Block, Yordi"]
[Black "Terryn, Ezra"]
[Result "1/2-1/2"]
[WhiteElo "2129"]
[BlackElo "2007"]

1. e4 {[%clk 01:30:58]} {[%emt 00:00:02]} e5 {[%clk 01:30:53]} {[%emt
00:00:08]} 2. Nf3 {[%clk 01:31:24]} {[%emt 00:00:04]} Nc6 {[%clk 01:31:04]}
{[%emt 00:00:19]} 3. Bb5 {[%clk 01:31:47]} {[%emt 00:00:06]} a6 {[%clk
01:26:05]} {[%emt 00:05:29]} 4. Bxc6 {[%clk 01:32:10]} {[%emt 00:00:07]} dxc6
{[%clk 01:26:31]} {[%emt 00:00:04]} 5. O-O {[%clk 01:32:29]} {[%emt 00:00:11]}
Bg4 {[%clk 01:21:40]} {[%emt 00:05:22]} 6. d3 {[%clk 01:32:41]} {[%emt
00:00:18]} Qf6 {[%clk 01:20:31]} {[%emt 00:01:39]} 7. Nbd2 {[%clk 01:29:58]}
{[%emt 00:03:13]} Bc5 {[%clk 01:16:23]} {[%emt 00:04:37]} 8. Nc4 {[%clk
01:29:58]} {[%emt 00:00:31]} Bxf3 {[%clk 01:08:11]} {[%emt 00:08:42]} 9. Qxf3
{[%clk 01:29:35]} {[%emt 00:00:53]} O-O-O {[%clk 01:08:09]} {[%emt 00:00:30]}
10. Qh3+ {[%clk 01:28:15]} {[%emt 00:01:51]} Kb8 {[%clk 01:08:01]} {[%emt
00:00:39]} 11. Be3 {[%clk 01:28:08]} {[%emt 00:00:36]} Bxe3 {[%clk 01:00:43]}
{[%emt 00:20:17]} 12. Qxe3 {[%clk 01:28:13]} Nh6 {[%clk 00:54:59]} 13. h3
{[%clk 01:25:08]} Qe7 {[%clk 00:51:56]} {[%emt 00:01:16]} 14. f4 {[%clk
01:24:31]} {[%emt 00:01:08]} f6 {[%clk 00:52:10]} {[%emt 00:00:16]} 15. fxe5
{[%clk 01:24:31]} {[%emt 00:00:30]} fxe5 {[%clk 00:52:30]} {[%emt 00:00:09]} 16.
a3 {[%clk 01:23:56]} {[%emt 00:01:06]} Nf7 {[%clk 00:52:34]} {[%emt 00:00:26]}
17. Rae1 {[%clk 01:23:24]} {[%emt 00:01:01]} Nd6 {[%clk 00:52:49]} {[%emt
00:00:16]} 18. Nxd6 {[%clk 01:23:33]} {[%emt 00:00:21]} cxd6 {[%clk 00:53:06]}
{[%emt 00:00:13]} 19. Qe2 {[%clk 01:22:11]} {[%emt 00:01:52]} Kc7 {[%clk
00:52:04]} {[%emt 00:01:33]} 20. Rf3 {[%clk 01:22:10]} {[%emt 00:00:30]} Rdf8
{[%clk 00:52:28]} {[%emt 00:00:06]} 21. Ref1 {[%clk 01:22:35]} {[%emt
00:00:05]} Kd8 {[%clk 00:51:00]} {[%emt 00:01:59]} 22. Rxf8+ {[%clk 01:22:26]}
{[%emt 00:00:38]} Rxf8 {[%clk 00:51:22]} {[%emt 00:00:07]} 23. Rxf8+ {[%clk
01:22:49]} {[%emt 00:00:08]} Qxf8 {[%clk 00:51:48]} {[%emt 00:00:04]} 24. Qe3
{[%clk 01:23:11]} {[%emt 00:00:08]} Kc7 {[%clk 00:51:11]} {[%emt 00:01:07]} 25.
Qf2 {[%clk 01:20:52]} {[%emt 00:02:49]} 1/2-1/2